Správa o činnosti Generálnej rady ZPS. 1

Prvá časť správy o činnosti rady od snemu Združenia podnikateľov Slovenska 4.3.1995. Rada sa zaoberala ovplyvňovaním legislatívneho procesu - návrhmi zákonov o platobnej neschopnosti, o daniach, o regulácii cien, o kapitálovom trhu, sociálnymi zákonmi. Komunikácia ZPS s vládou SR.

Salvato in:
Dettagli Bibliografici
Autore principale: Knitl, M.
Natura: Capitolo di libro
Lingua:slovacco
Soggetti:
Tags: Aggiungi Tag
Nessun Tag, puoi essere il primo ad aggiungerne!!

MARC

LEADER 00000naa a2200000 4500
001 r021021
005 20230921074152.8
041 0 |a slo 
044 |a SK 
245 1 0 |a Správa o činnosti Generálnej rady ZPS. 1  |c M. Knitl 
520 |a Prvá časť správy o činnosti rady od snemu Združenia podnikateľov Slovenska 4.3.1995. Rada sa zaoberala ovplyvňovaním legislatívneho procesu - návrhmi zákonov o platobnej neschopnosti, o daniach, o regulácii cien, o kapitálovom trhu, sociálnymi zákonmi. Komunikácia ZPS s vládou SR. 
610 2 0 |a Slovensko 
610 2 0 |a Združenie podnikateľov Slovenska 
610 2 0 |a správy výročné 
610 2 0 |a legislatíva 
610 2 0 |a podnikatelia 
610 2 0 |a insolventnosť 
610 2 0 |a dane 
610 2 0 |a regulácia cenová 
610 2 0 |a trh kapitálový 
610 2 0 |a 1995-1996 
100 1 |a Knitl, M.